Logo BPK

Biblioteka

Politechniki Koszalińskiej

Dokumentacja i ewidencja pracownicza : (Rekord nr 32487)

Szczegóły MARC
000 -ETYKIETA REKORDU
podpole kontrolne o stałej długości 00866nam a2200229 i 4500
001 - NUMER KONTROLNY REKORDU
pole kontrolne bg
020 ## - MIĘDZYNARODOWY ZNORMALIZOWANY NUMER KSIĄŻKI - ISBN
ISBN 8386145641
040 ## - ŹRÓDŁO KATALOGOWANIA
Instytucja, która utworzyła rekord BPK
041 0# - KOD JĘZYKA
Kod języka tekstu pl
080 ## - UNIWERSALNA KLASYFIKACJA DZIESIĘTNA - UKD
UKD 349.3:368.4+349.2:651](438)(083)
920 ## - Międzynarodowy znormalizowany numer książki – ISBN
ISBN 83-86145-64-1
008 - POLE O STAŁEJ DŁUGOŚCI - DANE KONTROLNE
podpole kontrolne o stałej długości s pl f |000 0 pol
100 1# - NAZWA OSOBOWA
Nazwa osobowa HASKI, Ksawery
245 10 - TYTUŁ/ODPOWIEDZIALNOŚĆ
Tytuł Dokumentacja i ewidencja pracownicza :
Ciąg dalszy tytułu zestaw podstawowych wzorów z praktycznym komentarzem i zasadami prowadzenia dla pracodawców w świetle znowelizowanych przepisów prawa pracy i ubezpieczeń społecznych oraz innych aktów prawnych /
Pozostałe elementy strefy tytułu i oznaczenia odpowiedzialności Ksawery Haski.
250 ## - STREFA WYDANIA
Oznaczenie wydania Stan prawny na dzień 1 sierpnia 1997 r.
260 ## - STREFA ADRESU WYDAWNICZEGO
Miejsce wydania Skierniewice :
Nazwa wydawcy/dystrybutora Sigma,
Data publikacji, dystrybucji/powstania dokumentu 1997.
300 ## - STREFA OPISU FIZYCZNEGO
Objętość 118 s. ;
Rozmiary 30 cm.
500 ## - UWAGI OGÓLNE
Tekst uwagi Wykaz ważniejszych przepisów na s. 113-118.
650 #9 - HASŁO PRZEDMIOTOWE W FORMIE NAZWY OGÓLNEJ LUB JEDNOSTKOWEJ
Nazwa ogólna lub geograficzna Kadry
Określnik ogólny dokumentacja
Określnik geograficzny Polska
655 ## - TERMIN INDEKSOWY - OKREŚLENIE RODZAJU/FORMY DOKUMENTU
Określenie rodzaju/formy dokumentu Tablice i wzory
856 ## - LOKALIZACJA I DOSTĘP DO ELEKTRONICZNYCH DOKUMENTÓW ZDALNYCH
Link (URL) http://koha.tu.koszalin.pl/cgi-bin/koha/opac-detail.pl?biblionumber=32487
Tekst linku Katalog online BPK
942 ## - DODATKOWE ELEMENTY (KOHA)
Typ dokumentu Książka
Egzemplarze
Wycofany Status egzemplarza Uszkodzony Dostępność Lokalizacja stała Lokalizacja bieżąca Miejsce przechowywania Sygnatura Kod kreskowy Dział Typ dokumentu Numer ubytku
      Tylko na miejscu Biblioteka Politechniki Koszalińskiej Biblioteka Politechniki Koszalińskiej Czytelnia BG 41633 01296457 349.2 Prawo pracy Książka  
  Egz. niedostępny   Niedostępny Biblioteka Politechniki Koszalińskiej Biblioteka Politechniki Koszalińskiej   41634 01296440   Książka 13037
© 2023 Biblioteka Politechniki Koszalińskiej :: KOHA